000 01823nam a2200277 a 4500
001 ASIN1848854609
005 20170105102847.0
008 130816s2012 xxu eng d
020 _a1848854609 (hardcover)
_c$98.50
020 _a9781848854604 (hardcover)
040 _a0
050 0 4 _aDT82.5.I7
082 0 4 _a962.053
100 1 _aStein, Ewan.
245 1 0 _aRepresenting israel in modern egypt :
_bideas, intellectuals and foreign policy from nasser to mubarak /
_cEwan Stein.
260 _a[S.l.] :
_bI. B. Tauris,
_c2012.
300 _a320 p. ;
_c22 cm.
490 1 _aLibrary of modern middle east studies.
520 _aFrom the heady days of Nasser's Arab nationalism to the cold peace of the Mubarak era, the idea and reality of Israel has occupied a central position in Egyptian politics. Ewan Stein seeks to explain and historicize the state of "no war, no peace" that followed the 1979 Camp David Accords, examining the way in which domestic factors interact with global and regional shifts to shape attitudes to Israel in the Arab world's most populous country. Incorporating the writings of prominent political thinkers, this book looks at how approaches to Israel have been elaborated through broader ideologies - in particular liberal nationalism, Marxism, and Islamism. It argues that representations of Israel have reflected Egyptian conceptions of self. This book provides original and nuanced insights into the relationships between state, society, and foreign policy within the context of Egyptian nationalism and broader regional politics.
650 0 _aEgypt
650 0 _aInternational relations
650 0 _aIsrael
830 0 _aLibrary of modern middle east studies.
856 4 0 _3Amazon.com
_uhttp://www.amazon.com/exec/obidos/ASIN/1848854609/chopaconline-20
942 _2ddc
_cBK
999 _c14098
_d14098